Normal view
MARC view
- Mag-Atas, Elona Jean F.
Entry Personal Name
001 - CONTROL NUMBER
- control field: 1686
003 - CONTROL NUMBER IDENTIFIER
- control field: URS
005 - DATE AND TIME OF LATEST TRANSACTION
- control field: 20220607152247.0
008 - FIXED-LENGTH DATA ELEMENTS
- fixed length control field: 220607|| aca||aabn | a|a d
040 ## - CATALOGING SOURCE
- Original cataloging agency: URS
100 ## - HEADING--PERSONAL NAME
- Personal name: Mag-Atas, Elona Jean F.
- Relator term: author